00573nam a22001577a 450000500170000001000150001702000300003203500140006203700130007608200170008910000240010624500930013026000630022327000550028630000740034120210310112910.0 aENG-129197 a978-81-215-1353-1c595.00 aEN-112729 bDBAD/PUB a294.34350954 aSingh, Rajesh Kumar aEarly Hunnic Invadions and abandonment of Buddhist Temples in India/cRajesh Kumar Singh aNew DelhibMunshiram Manoharlal Publishers Pvt. Ltd.c2021 bNew Delhie110055aPO Box 5715,54 Rani Jhansi Road a93p.c22cm(hbk)bIncluding Index,bibliographical reference and tables